Giri veloci dei Gran Premi di Formula 1 2008 - Statistics

Statistiche generali
  • Questo quiz è stato fatto 13 volte
  • Il punteggio medio è 15 su 18
Statistiche sulle risposte
Gran Premio Giro veloce % Corretto
Gran Premio di Spagna Kimi Räikkönen
100%
Gran Premio di Turchia Kimi Räikkönen
100%
Gran Premio di Monaco Kimi Räikkönen
100%
Gran Premio del Canada Kimi Räikkönen
100%
Gran Premio di Francia Kimi Räikkönen
100%
Gran Premio di Gran Bretagna Kimi Räikkönen
100%
Gran Premio d'Ungheria Kimi Räikkönen
100%
Gran Premio del Belgio Kimi Räikkönen
100%
Gran Premio d'Italia Kimi Räikkönen
100%
Gran Premio di Singapore Kimi Räikkönen
100%
Gran Premio di Cina Lewis Hamilton
100%
Gran Premio d'Europa Felipe Massa
92%
Gran Premio del Giappone Felipe Massa
92%
Gran Premio del Brasile Felipe Massa
92%
Gran Premio della Malesia Nick Heidfeld
38%
Gran Premio di Germania Nick Heidfeld
38%
Gran Premio di Australia Heikki Kovalainen
31%
Gran Premio del Bahrain Heikki Kovalainen
31%
Nessun quiz corrispondente trovato
Distribuzione punteggi
Percentuale di utenti per punteggio
Percentile per numero di risposta
I tuoi punteggi nel tempo
Non hai fatto questo quiz